Zlepšovanie verzus zoštíhľovanie administratívnych procesov

Zlepšovanie administratívnych procesov. Kaizen workshopy a ich fungovanie. Analýza a normovanie práce administratívnych pracovníkov. Zoštíhľovanie administratívnych procesov a prínosy Kaizen workshopov.

Enregistré dans:
Détails bibliographiques
Auteur principal: Chromjaková, Felicita
Format: Chapitre de livre
Langue:slovaque
Sujets:
Tags: Ajouter un tag
Pas de tags, Soyez le premier à ajouter un tag!

MARC

LEADER 00000naa a2200000 4500
001 0121182
005 20230912094834.2
041 0 |a slo 
044 |a SK 
245 1 0 |a Zlepšovanie verzus zoštíhľovanie administratívnych procesov  |c Felicita Chromjaková 
520 |a Zlepšovanie administratívnych procesov. Kaizen workshopy a ich fungovanie. Analýza a normovanie práce administratívnych pracovníkov. Zoštíhľovanie administratívnych procesov a prínosy Kaizen workshopov. 
610 2 0 |a technika organizačná 
610 2 0 |a organizácia riadenia 
610 2 0 |a technika riadenia 
610 2 0 |a kaizen 
610 2 0 |a administratíva 
610 2 0 |a pracovníci administratívni 
610 2 0 |a normy administratívne 
610 2 0 |a efektívnosť práce 
100 1 |a Chromjaková, Felicita